Renco y sus amigos / (Registro nro. 9668)

Detalles MARC
000 -LIDER
fixed length control field 01106nam a22003617a 4500
001 - NÚMERO DE CONTROL
Identificador de número de control 06121
003 - IDENTIFICACDOR DE NÚMERO DE CONTROL
control field DO-SdBNP
005 - DATE AND TIME OF LATEST TRANSACTION
control field 20180220152017.0
007 - CAMPOS FIJOS DE DESCRIPCIÓN FÍSICA
fixed length control field 06121
008 - ELEMENTOS DE LONGITUD FIJA
fixed length control field 151005b1993 sp 00| 0 spa d
020 ## - ISBN
International Standard Book Number 8434827506
040 ## - FUENTE DE CATALOGACIÓN
Agencia que crea de manera original el registro BPMSU
Idioma de catalogación spa
Agencia que realiza la transcripción BPMSU
082 ## - NÚMERO DE CLASIFICACIÓN DECIMAL DE DEWEY
Classification number 849.93
Item number T266re 1993
092 ## - LOCALLY ASSIGNED DEWEY DECIMAL CALL NUMBER
Número de clasificación
Número de ítem (Cutter)
100 1# - ASIENTO PRINCIPAL -- NOMBRE PERSONAL
Nombre personal Teixidor, Emili
240 10 - TITULO UNIFORME
Título uniforme En Ranquet i els seus amics /
Fecha de una obra
Idioma de una obra Español
245 10 - MENCIÓN DE TITULO
Título Renco y sus amigos /
Mención de responsabilidad Emili Teixidor ; ilustraciones Tino Gatagán ; colección dirigida por Marinella Terzi
250 ## - MENCIÓN DE EDICION
Mención de edición 3a. ed.
260 ## - PUBLICACIÓN, DISTRIBUCIÓN, ETC. (PIE DE IMPRENTA)
Lugar de publicación, distribución, etc Madrid :
Nombre del editor, distribuidor, etc. Ediciones SM,
Fecha de publicación, distribución, etc 1993
300 ## - DESCRIPCIÓN FÍSICA
Extensión 186 p. :
Otros detalles físicos il. ;
Dimensiones 19 cm.
490 1# - MENCIÓN DE SERIES
Mención de serie El barco de vapor
-- Serie roja
Volume/sequential designation 52
500 ## - NOTA GENERAL
Nota general A partir de 12 años
521 1# - TARGET AUDIENCE NOTE
Target audience note A partir de los 12 años
650 ## - ENCABEZAMIENTO DE MATERIA--TEMÁTICO
Término temático o nombre geográfico como elemento de entrada CUENTOS JUVENILES CATALANES
650 ## - ENCABEZAMIENTO DE MATERIA--TEMÁTICO
Término temático o nombre geográfico como elemento de entrada AMISTAD
Subdivisión de forma CUENTOS
700 12 - ASIENTO SECUNDARIO -- NOMBRE PERSONAL
Nombre personal Terzi, Marinella
Mención de responsabilidad dir.
Materiales especificados
700 12 - ASIENTO SECUNDARIO -- NOMBRE PERSONAL
Nombre personal Gatagán, Tino
Mención de responsabilidad il.
Fechas asociadas con el nombre 1951-2005
830 #0 - ASIENTO SECUNDARIO DE SERIE--TÍTULO UNIFORME
Título uniforme Barco de vapor ;
Número de la parte o sección de una obra 52
Nombre de la parte o sección de una obra Serio roja,
910 ## - VALIDACIÓN
Validación
942 ## - ADDED ENTRY ELEMENTS (KOHA)
Source of classification or shelving scheme Dewey Decimal Classification
Koha item type Libros
945 ## - INFORMACIÓN DE PROCESAMIENTO LOCAL
Información de procesamiento local Inventariado, 2018 / BT
956 ## - LOCAL ELECTRONIC LOCATION AND ACCESS (OCLC)
Nombre de host VMATEO
Método de acceso 10
Materiales especificados 201604
Enlace BPMSU
Campo enlazado y núm. de secuencia 0069
Existencias
Withdrawn status Lost status Source of classification or shelving scheme Damaged status Not for loan Collection code Home library Current library Date acquired Source of acquisition Total Checkouts Full call number Barcode Date last seen Price effective from Koha item type Copy number
    Dewey Decimal Classification     Colección Infantil General Biblioteca Pública Metropolitana Salomé Ureña Biblioteca Pública Metropolitana Salomé Ureña 04/11/2016 Agencia de Cooperación Internacional del Japón   849.93 T266re 1993 BPMSU16040275 04/11/2016 04/11/2016 Libros  
    Dewey Decimal Classification     Colección Infantil General Biblioteca Pública Metropolitana Salomé Ureña Biblioteca Pública Metropolitana Salomé Ureña 10/21/2016 Agencia de Cooperación Internacional del Japón   849.93 T266re 1993 BPMSU16100324 10/21/2016 10/21/2016 Libros e. 2